Основные принципы устройства электроприводов: [учебник для вузов]; пер. с англ.

Dades bibliogràfiques
Autor principal: Дюбей Г. К. Гопал К.
Sumari:Впервые опубликованный в 1994 году (и с тех пор переизданный девять раз), этот учебник используется во всем мире как студентами, так и практикующими инженерами. Настоящее издание предлагает более детальное описание полупроводниковых приводов, дополнено многочисленными примерами решенных и нерешенных задач. Книга предназначена для студентов и аспирантов, изучающих электродвигатели, а также инженеров и специалистов по экспертизе и ремонту двигателей.
Idioma:rus
Publicat: Москва, Техносфера, 2009
Col·lecció:Мир физики и техники
Matèries:
Format: Llibre
KOHA link:https://koha.lib.tpu.ru/cgi-bin/koha/opac-detail.pl?biblionumber=139924

MARC

LEADER 00000nam0a2200000 4500
001 139924
005 20231101220826.0
010 |a 9785948362076 
035 |a (RuTPU)RU\TPU\book\151589 
090 |a 139924 
100 |a 20080617d2009 m y0rusy50 ca 
101 1 |a rus  |c eng 
102 |a RU 
105 |a a j 001zy 
200 1 |a Основные принципы устройства электроприводов  |e [учебник для вузов]  |e пер. с англ.  |f Г. К. Дюбей 
210 |a Москва  |c Техносфера  |d 2009 
215 |a 480 с.  |c ил. 
225 1 |a Мир физики и техники 
320 |a Библиогр.: с. 465-466. 
320 |a Предметный указатель: с. 472-478. 
330 |a Впервые опубликованный в 1994 году (и с тех пор переизданный девять раз), этот учебник используется во всем мире как студентами, так и практикующими инженерами. Настоящее издание предлагает более детальное описание полупроводниковых приводов, дополнено многочисленными примерами решенных и нерешенных задач. Книга предназначена для студентов и аспирантов, изучающих электродвигатели, а также инженеров и специалистов по экспертизе и ремонту двигателей. 
606 1 |a Электроприводы  |2 stltpush  |3 (RuTPU)RU\TPU\subj\20689  |9 45775 
610 1 |a электрические приводы 
610 1 |a электродвигатели 
610 1 |a управление 
610 1 |a двигатели 
610 1 |a мощность 
610 1 |a вращательные электроприводы 
610 1 |a асинхронные электроприводы 
610 1 |a синхронные электрические двигатели 
610 1 |a бесщеточные электродвигатели 
610 1 |a шаговые двигатели 
610 1 |a коммутируемые реактивные двигатели 
610 1 |a аккумуляторы 
610 1 |a солнечные батареи 
610 1 |a тяговые двигатели 
610 1 |a сохранение энергии 
610 1 |a учебники 
675 |a 62-83(075.8)  |v 3 
700 1 |a Дюбей  |b Г. К.  |g Гопал К. 
801 1 |a RU  |b 63413507  |c 20080617  |g PSBO 
801 2 |a RU  |b 63413507  |c 20150529  |g PSBO 
942 |c BK 
959 |a 67/20080616  |d 2  |e 0  |f АНЛ:1  |f ЧЗТЛ:1 
959 |a 62/20090527  |d 2  |e 461,00  |f АНЛ:1  |f ЧЗТЛ:1